000 00829nam a22002657a 4500
001 BR7804649
003 BR-BrBNA
005 20240319115458.0
007 ta
008 230509b bl.||||| |||| 00| 0 por d
040 _aBR-BrBNA
_bpor
_cBiblioteca Nacional de Agricultura
041 _a(Por)
072 _aB50; E30; C00
_b/G514
090 _aB50
_bBR7804649
110 1 _aEmpresa Brasileira de Assistencia Tecnica e Extensao Rural, Brasilia, DF
_93797
245 1 _aTrinta anos de assistencia tecnica e extensao rural no Brasil 1948/1978. Programa [Historia; Desenvolvimento agricola]
260 3 _aBrasilia, DF (Brasil):
_c1978.
300 _a12 p.
500 _a6 illus.
650 _aHistoria
650 _aAssistencia tecnica
650 _aExtensao rural
650 _aDesenvolvimento agricola
942 _cBK
_2AGRIS
999 _c25725
_d25725